| 000 | 00979nam a2200277Ia 4500 | ||
|---|---|---|---|
| 999 |
_c54250 _d54250 |
||
| 001 | 21306 | ||
| 003 | GE_BSU | ||
| 005 | 20211022174731.0 | ||
| 008 | 181216s2014||||cc |||||||||||||| ||eng|| | ||
| 020 | _a9781449363758 | ||
| 040 | _cGE_BSU | ||
| 080 | _a004.052 S-66 | ||
| 100 |
_aSklar, David _912737 |
||
| 245 |
_aPHP Cookbook, Solutions & Examples for PHP Programmers / _cDavid Sklar, Adam Trachtenberg ; Editors Rachel Roumeliotis and Allyson MacDonald. |
||
| 250 | _a3rd edition | ||
| 264 |
_aBeijing : _bO'reilly, _c2014. |
||
| 300 |
_a794 p. ; _c24 cm. |
||
| 541 | _h142 Gel. | ||
| 653 | _aPHP Cookbook, Solutions & Examples for PHP Programmers | ||
| 653 | _aИнформационные технологии | ||
| 653 | _aსაინფორმაციო ტექნოლოგიები | ||
| 700 |
_aTrachtenberg, Adam _eby _912738 |
||
| 700 |
_aRoumeliotis, Rachel _eEditor _912739 |
||
| 700 |
_aMacDonald, Allyson _eEditor _912736 |
||
| 942 |
_cBK _2udc |
||